Industrial Engineering And Operations Management / (Record no. 33648)
[ view plain ]
| 000 -LEADER | |
|---|---|
| fixed length control field | 00421nam a22001697a 4500 |
| 003 - CONTROL NUMBER IDENTIFIER | |
| control field | NUST |
| 020 ## - INTERNATIONAL STANDARD BOOK NUMBER | |
| International Standard Book Number | 978-93-5014-540-1 |
| 038 ## - RECORD CONTENT LICENSOR | |
| Staff Name | khadija |
| 082 ## - DEWEY DECIMAL CLASSIFICATION NUMBER | |
| Classification number | 658.5 |
| Author Mark | BHA |
| 100 ## - MAIN ENTRY--PERSONAL NAME | |
| Personal name | Bhatia , Anmol |
| 9 (RLIN) | 85168 |
| 245 ## - TITLE STATEMENT | |
| Title | Industrial Engineering And Operations Management / |
| Statement of responsibility, etc. | Anmol Bhatia |
| 260 ## - PUBLICATION, DISTRIBUTION, ETC. | |
| Place of publication, distribution, etc. | New Delhi : |
| Name of publisher, distributor, etc. | S.K.K |
| Date of publication, distribution, etc. | 2014. |
| 300 ## - PHYSICAL DESCRIPTION | |
| Extent | 301 p. ; |
| Other physical details | 24 cm. |
| 500 ## - GENERAL NOTE | |
| General note | Paperback. |
| 563 ## - BINDING INFORMATION | |
| Binding note | PB |
| 942 ## - ADDED ENTRY ELEMENTS (KOHA) | |
| Koha item type | Book |
| Source of classification or shelving scheme | |
| Withdrawn status | Lost status | Source of classification or shelving scheme | Damaged status | Not for loan | Permanent Location | Current Location | Shelving location | Date acquired | Full call number | Barcode | Date last seen | Price effective from | Koha item type |
|---|---|---|---|---|---|---|---|---|---|---|---|---|---|
| School of Mechanical & Manufacturing Engineering (SMME) | School of Mechanical & Manufacturing Engineering (SMME) | General Stacks | 05/10/2016 | 658.5 BHA | SMME-2927 | 04/05/2018 | 05/10/2016 | Book |
